| 000 | 00852nam a2200289Ia 4500 | ||
|---|---|---|---|
| 005 | 20260324122155.0 | ||
| 008 | 008 260324s9999 xx 000 0 eng d | ||
| 020 | _a9781003446385 | ||
| 037 | _aEBOOK | ||
| 040 | _aCRL | ||
| 040 | _beng | ||
| 040 | _cCRL | ||
| 041 | _2eng | ||
| 041 | _aeng | ||
| 084 | _qCRL | ||
| 100 |
_aDenise M. Hill; Andria Stokes; Oscar T. Lenning; Kevin P. Saunders; Alisha Solan _91165411 |
||
| 245 | 0 | _aPowerful Learning Communities | |
| 245 | 2 | _bA Guide to Developing Student, Faculty, and Professional Learning Communities to Improve Student Success and Organizational Effectiveness | |
| 260 | _bTaylor and Francis | ||
| 260 | _c2013 | ||
| 365 | _a | ||
| 365 | _b230 | ||
| 856 | _uhttp://www.taylorfrancis.com/books/9781003446385 | ||
| 942 | _cEBOOK | ||
| 999 |
_c1757949 _d1757949 |
||